[Event "Indywidualne Mistrzostwa Polski Juniorow do lat 18 - Chlopcy"]
[Site "Szklarska Poreba"]
[Date "1899-12-30"]
[Round "7.17"]
[White "Szydelko, Michal"]
[Black "Dzwierzynski, Bartosz"]
[Result "0-1"]
[WhiteTitle "I"]
[BlackTitle "I"]
[WhiteElo "1764"]
[BlackElo "1942"]

1. e4 c5 2. c3 Nf6 3. e5 Nd5 4. Nf3 Nc6 5. Bc4 Nb6 6. Bb3 c4 7. Bc2 d6 8. exd6
Qxd6 9. h3 g6 10. d4 cxd3 11. Qxd3 Qxd3 12. Bxd3 Bg7 13. O-O O-O 14. Na3 Bf5 15.
Bxf5 gxf5 16. Rd1 Na4 17. Kf1 Rfd8 18. Bd2 Nxb2 19. Rdc1 Nd3 20. Rd1 Rac8 21.
Rab1 b6 22. Nb5 a6 23. Nbd4 Nxd4 24. cxd4 Bxd4 25. Nxd4 Rxd4 26. Be3 Rb4 27. Rxb4
Nxb4 28. a3 Nc2 29. Bxb6 Nxa3 30. Ra1 Rc6 31. Bd8 Nc2 32. Ra5 e6 33. g4 fxg4 34.
Rg5+ Kf8 35. hxg4 h6 36. Rh5 Kg7 37. Ba5 Rc4 38. f3 Nd4 39. Kf2 Nb3 40. Bb6 Rc2+
41. Kg3 Re2 42. Bc7 Nd2 43. Ra5 Re3 44. Kf2 Rb3 45. f4 Ne4+ 46. Kf1 Rg3 47. f5
Rxg4 48. fxe6 fxe6 49. Rxa6 Kf6 50. Ra5 Ng5 51. Ra8 Rc4 52. Bd8+ Kf5 53. Ra5+
Kg4 54. Ra6 Re4 55. Ra7 h5 56. Rg7 Re5 57. Rg6 Rf5+ 58. Kg2 e5 59. Rg8 h4 60.
Kh2 e4 61. Kg2 Rb5 62. Bf6 Kf4 63. Kf2 Nf3 64. Rh8 e3+ 65. Ke2 Ng1+ 66. Kf1 Rb1+
67. Kg2 Nf3 68. Bxh4 Rg1+ 69. Kh3 Rh1+ 70. Kg2 Rh2+ 71. Kf1 e2# 0-1

[Event "Indywidualne Mistrzostwa Polski Juniorow do lat 18 - Chlopcy"]
[Site "Szklarska Poreba"]
[Date "1899-12-30"]
[Round "7.18"]
[White "Iwanczuk, Krzysztof"]
[Black "Marczak, Szymon"]
[Result "1/2-1/2"]
[WhiteTitle "I"]
[BlackTitle "I++"]
[WhiteElo "1749"]
[BlackElo "1931"]

1. c4 e6 2. Nf3 c5 3. Nc3 Nf6 4. g3 b6 5. Bg2 Bb7 6. O-O Be7 7. b3 Nc6 8. Bb2 O-O
9. e3 d5 10. cxd5 Nxd5 11. Nxd5 Qxd5 12. Ne5 Qd6 13. Nxc6 Bxc6 14. Qg4 g6 15.
Bxc6 Qxc6 16. d4 Bf6 17. Ba3 Qb5 18. Rfd1 Rfd8 19. Bb2 Rac8 20. Rab1 cxd4 21.
Bxd4 Bxd4 22. Rxd4 Rxd4 23. Qxd4 Rc2 24. a4 Qf5 25. Rf1 Qd5 26. Qxd5 exd5 27.
Rd1 Rc5 28. b4 Rc4 29. Rxd5 Rxb4 30. a5 Rc4 31. axb6 axb6 32. Rd8+ Kg7 33. Rb8
Rb4 34. Kg2 h5 35. h4 Rb2 36. Kf3 b5 37. e4 b4 38. Rb6 b3 39. Kg2 Rb1 40. e5 b2
41. Kh2 Kf8 42. Kg2 Ke7 43. Kh2 Kd7 44. Kg2 Kc7 45. Rb3 Kc6 46. f4 Kd5 47. Rb8
Ke4 48. Rb7 Ke3 49. Rb8 Kd4 50. Rd8+ Ke4 51. Rb8 Kf5 52. Rb6 Kg4 53. Kh2 Kf3 1/2-1/2

[Event "Indywidualne Mistrzostwa Polski Juniorow do lat 18 - Chlopcy"]
[Site "Szklarska Poreba"]
[Date "1899-12-30"]
[Round "7.19"]
[White "Galuszka, Tomasz"]
[Black "Paliwoda, Borys"]
[Result "1-0"]
[WhiteTitle "I++"]
[BlackTitle "I+"]
[WhiteElo "2016"]
[BlackElo "1974"]

1. e4 c5 2. Nf3 e6 3. d4 cxd4 4. Nxd4 a6 5. Nc3 Qc7 6. Bd3 Nf6 7. O-O b5 8. a3
Bb7 9. Be3 Be7 10. f4 d6 11. Qf3 Nbd7 12. Rae1 O-O 13. Bf2 Nc5 14. Qh3 g6 15.
f5 e5 16. Nf3 gxf5 17. exf5 Nxd3 18. cxd3 Bxf3 19. Qxf3 Rac8 20. Bh4 Qc6 21. Qh3
Kh8 22. Bxf6+ Bxf6 23. Qh6 Bg7 24. Qh4 f6 25. Qe4 Bh6 26. Re2 Rfd8 27. Qxc6 Rxc6
28. Nd5 Kg7 29. Nb4 Rb6 30. Rc2 Be3+ 31. Kh1 Bc5 32. Nd5 Rb7 33. b4 Bd4 34. g4
h6 35. Kg2 a5 36. Rfc1 Rdd7 37. bxa5 Bc5 38. Rb1 Bxa3 39. a6 Ra7 40. Rc6 b4 41.
Nxb4 Bxb4 42. Rxb4 d5 43. Rbb6 Rf7 44. Kf3 d4 45. Ke4 Rad7 46. h4 Ra7 47. Rc8
Rfd7 48. Rcb8 1-0

[Event "Indywidualne Mistrzostwa Polski Juniorow do lat 18 - Chlopcy"]
[Site "Szklarska Poreba"]
[Date "1899-12-30"]
[Round "7.20"]
[White "Niemier, Hubert"]
[Black "Kukorowski, Jan"]
[Result "1/2-1/2"]
[WhiteTitle "I"]
[BlackTitle "I+"]
[WhiteElo "1801"]
[BlackElo "1719"]

1. d4 e6 2. Nf3 d5 3. c4 Nf6 4. Nc3 Be7 5. Bg5 h6 6. Bh4 O-O 7. e3 Nbd7 8. Bd3
c5 9. O-O b6 10. Qe2 Bb7 11. Rad1 cxd4 12. exd4 dxc4 13. Bxc4 Nd5 14. Bxe7 Nxe7
15. Ne5 Nd5 16. Nxd5 Bxd5 17. Bxd5 exd5 18. Qb5 Nf6 19. Rfe1 Re8 20. Re3 Qd6 21.
Rc1 Rac8 22. Rec3 Qe6 23. Rc6 Rxc6 24. Rxc6 Qf5 25. h3 Rc8 26. Rxc8+ Qxc8 27.
Qc6 Qxc6 28. Nxc6 a5 29. Kf1 Kf8 30. Ke2 Ke8 31. Kd3 Kd7 32. Ne5+ 1/2-1/2

[Event "Indywidualne Mistrzostwa Polski Juniorow do lat 18 - Chlopcy"]
[Site "Szklarska Poreba"]
[Date "1899-12-30"]
[Round "7.21"]
[White "Goreczny, Tomasz"]
[Black "Kaminski, Maciej"]
[Result "0-1"]
[WhiteTitle "I"]
[BlackTitle "I++"]
[WhiteElo "1784"]
[BlackElo "1796"]

1. e4 c5 2. Nc3 Nc6 3. g3 g6 4. Bg2 Bg7 5. d3 d6 6. f4 e6 7. Nf3 Nge7 8. O-O O-O
9. Ne2 d5 10. c3 b6 11. e5 Bb7 12. d4 Nf5 13. g4 Nh4 14. Be3 Nxg2 15. Kxg2 cxd4
16. Nexd4 Nxd4 17. cxd4 Qd7 18. Qd2 Rfc8 19. Rac1 Ba6 20. Rxc8+ Rxc8 21. Rc1 Bf8
22. Rxc8 Qxc8 23. Qf2 Bd3 24. h4 Be4 25. Kg3 Qc4 26. a3 Qd3 27. Ng5 Be7 28. Nxe4
Qxe4 29. g5 a5 30. Bd2 Qd3+ 31. Qe3 Qf5 32. b4 h5 33. gxh6 Qh5 34. bxa5 Qxh4+
35. Kg2 bxa5 36. Bxa5 Qg4+ 37. Qg3 Qxg3+ 38. Kxg3 Bxa3 39. Kg4 Kh7 40. Bb6 Kxh6
41. Bc5 Bc1 42. Be7 Bb2 43. Bf8+ Kh7 44. Bc5 Kg7 45. Kg5 Bc3 46. Bb6 Bb4 47. Bd8
Kf8 48. Kf6 Be1 49. Kg5 Ke8 50. Bb6 Bd2 51. Bc5 Kd7 52. Kg4 Kc6 53. Kg5 Kd7 54.
Kg4 Ba5 55. Kg5 Bd8+ 56. Kh6 Ke8 57. Ba7 Be7 58. Bb6 Kf8 59. Kh7 Bh4 60. Bc5+
Ke8 61. Kh6 Bd8 62. Kh7 g5 63. fxg5 Bxg5 64. Kg7 Be7 65. Bb6 Bf8+ 66. Kh7 f6 67.
exf6 Kf7 68. Bc7 Kxf6 69. Kg8 Bh6 70. Bd6 Be3 71. Be5+ Kf5 72. Kf7 Bxd4 73. Bxd4
e5 74. Bb6 d4 75. Ke7 d3 76. Ba5 e4 77. Bd2 Kg4 78. Ke6 Kf3 79. Ke5 e3 80. Ba5
Ke2 81. Kd4 0-1

[Event "Indywidualne Mistrzostwa Polski Juniorow do lat 18 - Chlopcy"]
[Site "Szklarska Poreba"]
[Date "1899-12-30"]
[Round "7.22"]
[White "Posluszny, Tomasz"]
[Black "Burzak, Wojciech"]
[Result "1/2-1/2"]
[WhiteTitle "I+"]
[BlackTitle "I"]
[WhiteElo "1906"]
[BlackElo "1666"]

1. d4 Nf6 2. c4 g6 3. Nc3 d5 4. Qb3 dxc4 5. Qxc4 Bg7 6. e4 O-O 7. Nf3 a6 8. Qb3
Nc6 9. d5 Na5 10. Qb4 c6 11. Be3 cxd5 12. O-O-O Nc6 13. Qc5 e6 14. Be2 Qc7 15.
exd5 Nxd5 16. Nxd5 exd5 17. Nd4 Be6 18. Kb1 Rac8 19. Nxe6 fxe6 20. f4 d4 21. Bd2
Rf5 22. Qc2 Qb6 23. Rc1 Ne7 24. Qb3 Qxb3 25. axb3 Rfc5 26. Bb4 Rxc1+ 27. Rxc1
Rxc1+ 28. Kxc1 Nd5 29. Bd6 Kf7 30. g3 Ne7 31. Kc2 Nc6 32. Kd3 Ke8 33. Bc5 Kd7
34. Bf3 e5 35. Be4 exf4 1/2-1/2

[Event "Indywidualne Mistrzostwa Polski Juniorow do lat 18 - Chlopcy"]
[Site "Szklarska Poreba"]
[Date "1899-12-30"]
[Round "8.1"]
[White "Kosakowski, Jakub"]
[Black "Kozak, Antoni"]
[Result "0-1"]
[WhiteTitle "FM"]
[BlackTitle "k"]
[WhiteElo "2389"]
[BlackElo "2343"]

1. e4 c6 2. Nf3 d5 3. Nc3 Bg4 4. h3 Bxf3 5. Qxf3 e6 6. d3 Nf6 7. Bd2 Nbd7 8. g4
g6 9. Bg2 Bd6 10. O-O Qc7 11. exd5 cxd5 12. Nb5 Qb8 13. Nxd6+ Qxd6 14. Qg3 Qb6
15. b3 d4 16. c4 dxc3 17. Bxc3 O-O 18. Rac1 Nd5 19. Ba1 Rac8 20. Rc4 Qa6 21. Bxd5
exd5 22. Rc7 Rxc7 23. Qxc7 Qc6 24. Rc1 Qe6 25. Qxb7 Ne5 26. Qxa7 d4 27. Qb7 Nxd3
28. Rf1 Nf4 29. Qf3 g5 30. Bb2 Rc8 31. Kh1 d3 32. Bc1 Qe2 33. Qxe2 dxe2 34. Re1
Nd3 35. Rxe2 Nxc1 36. Re5 f6 37. Re7 Nxa2 38. Kg2 Rb8 39. h4 gxh4 40. Kh3 Rxb3+
41. Kxh4 Rf3 42. g5 Rxf2 43. gxf6 Rxf6 44. Kg5 Rf7 45. Re3 Kg7 46. Rb3 Nc1 47.
Re3 Rd7 48. Kf5 Nd3 49. Rg3+ Kf7 50. Rh3 Rd5+ 51. Kg4 Nf2+ 0-1

[Event "Indywidualne Mistrzostwa Polski Juniorow do lat 18 - Chlopcy"]
[Site "Szklarska Poreba"]
[Date "1899-12-30"]
[Round "8.2"]
[White "Oglaza, Oskar"]
[Black "Chylewski, Patryk"]
[Result "1/2-1/2"]
[WhiteTitle "FM"]
[BlackTitle "FM"]
[WhiteElo "2342"]
[BlackElo "2312"]

1. e4 c6 2. d4 d5 3. Nc3 dxe4 4. Nxe4 Bf5 5. Qf3 e6 6. c3 Nf6 7. Nxf6+ Qxf6 8.
Qg3 Nd7 9. Nf3 h6 10. Be2 Rc8 11. O-O Be7 12. Be3 O-O 13. Ne5 Rfd8 14. Rad1 Qh4
15. Qxh4 Bxh4 16. f4 Nxe5 17. dxe5 b6 18. g3 Be7 19. Kf2 Be4 20. c4 Rxd1 21. Rxd1
Rd8 22. Rxd8+ Bxd8 23. Bf3 Bxf3 24. Kxf3 h5 25. h3 g6 26. g4 hxg4+ 27. hxg4 Kf8
28. Ke4 Ke8 29. a4 c5 30. b3 a5 31. f5 Kf8 32. Bh6+ Kg8 33. Kf4 Be7 34. Bg5 Bxg5+
35. Kxg5 Kg7 36. f6+ Kh7 37. Kh4 Kh6 38. g5+ Kh7 39. Kg4 1/2-1/2

[Event "Indywidualne Mistrzostwa Polski Juniorow do lat 18 - Chlopcy"]
[Site "Szklarska Poreba"]
[Date "1899-12-30"]
[Round "8.3"]
[White "Kowalski, Igor"]
[Black "Brozyna, Mateusz"]
[Result "1-0"]
[WhiteTitle "FM"]
[BlackTitle "k"]
[WhiteElo "2308"]
[BlackElo "2180"]

1. d4 Nf6 2. c4 g6 3. Nc3 Bg7 4. e4 d6 5. h3 O-O 6. Be3 Na6 7. g4 e5 8. d5 Nc5
9. f3 a5 10. Qd2 Ne8 11. h4 f5 12. g5 Bd7 13. O-O-O b6 14. Bh3 Rf7 15. Qg2 Bf8
16. exf5 Bxf5 17. Bxf5 Rxf5 18. Nge2 Be7 19. Qg4 Ng7 20. Ng3 Rf7 21. h5 gxh5 22.
Nxh5 Qd7 23. g6 hxg6 24. Qxg6 Qf5 25. Rdg1 Nd3+ 26. Kd2 Qxg6 27. Rxg6 Nxb2 28.
Rhg1 Bf8 29. Bh6 Rxf3 30. Bxg7 Nxc4+ 31. Ke2 Re3+ 32. Kf2 Kf7 33. Rf6+ Ke7 34.
Nb5 1-0

[Event "Indywidualne Mistrzostwa Polski Juniorow do lat 18 - Chlopcy"]
[Site "Szklarska Poreba"]
[Date "1899-12-30"]
[Round "8.4"]
[White "Psyk, Radoslaw"]
[Black "Nowak, Mikolaj"]
[Result "1-0"]
[WhiteTitle "k++"]
[BlackTitle "I++"]
[WhiteElo "2315"]
[BlackElo "2254"]

1. e4 e5 2. Nf3 Nc6 3. Nc3 Nf6 4. Bb5 Bd6 5. O-O O-O 6. Re1 Re8 7. d3 Bf8 8. Bg5
h6 9. Bh4 d6 10. d4 exd4 11. Nxd4 Bd7 12. Bxc6 bxc6 13. f4 g5 14. fxg5 Nh7 15.
g6 Qxh4 16. gxh7+ Kxh7 17. Qd3 Qh5 18. Rf1 Bg7 19. Rf2 Kg8 20. Raf1 Re5 21. Nce2
Rf8 22. Ng3 Qg6 23. Ndf5 Kh7 24. Qa6 d5 25. Nxg7 Qxg7 26. exd5 cxd5 27. Qxa7 Bb5
28. Rb1 Rfe8 29. Qa5 d4 30. a4 Bc4 31. Qxc7 Bd5 32. Rbf1 R8e7 33. Qc8 Rg5 34.
Qd8 Re3 35. Rf5 Rxf5 36. Rxf5 Be6 37. Rf1 Bc4 38. Nh5 Qh8 39. Nf6+ Kg7 40. Qxd4
1-0

[Event "Indywidualne Mistrzostwa Polski Juniorow do lat 18 - Chlopcy"]
[Site "Szklarska Poreba"]
[Date "1899-12-30"]
[Round "8.5"]
[White "Pacan-milej, Kosma"]
[Black "Lukasiewicz, Krzysztof"]
[Result "0-1"]
[WhiteTitle "FM"]
[BlackTitle "k"]
[WhiteElo "2265"]
[BlackElo "2155"]

1. c4 e6 2. g3 d5 3. Nf3 Nf6 4. Bg2 dxc4 5. Qa4+ Nbd7 6. Qxc4 c5 7. O-O b6 8. b3
Bb7 9. Bb2 Be7 10. d3 O-O 11. Nbd2 Qc7 12. Rac1 Rac8 13. Rfd1 Rfd8 14. Qc2 Qb8
15. Qb1 Qa8 16. Nc4 Ne8 17. e4 Nd6 18. Nxd6 Bxd6 19. Qa1 Bf8 20. a3 Nb8 21. Ne5
Nc6 22. Nxc6 Rxc6 23. f3 Ba6 24. Bf1 Rcd6 25. d4 Bxf1 26. Kxf1 Qb7 27. Qb1 cxd4
28. Qd3 e5 29. Rc4 Rc8 30. Rdc1 Rdc6 31. Ke2 Rxc4 32. Rxc4 Qd7 33. g4 Rc6 34.
Qc2 Rxc4 35. Qxc4 Qe7 36. Kd3 Qf6 37. Ke2 Qf4 38. Bc1 Qxh2+ 39. Kd3 Qf2 0-1

[Event "Indywidualne Mistrzostwa Polski Juniorow do lat 18 - Chlopcy"]
[Site "Szklarska Poreba"]
[Date "1899-12-30"]
[Round "8.6"]
[White "Raczynski, Krzysztof"]
[Black "Fus, Jakub"]
[Result "0-1"]
[WhiteTitle "k+"]
[BlackTitle "FM"]
[WhiteElo "2157"]
[BlackElo "2339"]

1. d4 e6 2. e4 d5 3. Nd2 c5 4. exd5 exd5 5. Ngf3 Nc6 6. Bb5 Qe7+ 7. Be2 cxd4 8.
O-O Nf6 9. Nb3 Qc7 10. Nbxd4 Be7 11. Nb5 Qd8 12. Bf4 O-O 13. h3 Bf5 14. c3 a6
15. Nbd4 Be4 16. Re1 Re8 17. Ng5 Bg6 18. Bd3 Nh5 19. Bxg6 hxg6 20. Qd2 Nxd4 21.
Qxd4 Bf6 22. Rxe8+ Qxe8 23. Qd2 Nxf4 24. Qxf4 Qe2 25. Qh4 Bxg5 26. Qxg5 Qxb2 27.
Rd1 Qxa2 28. Qe5 Rc8 29. Rxd5 Qa1+ 30. Kh2 Qxc3 31. Qe4 Qc7+ 32. g3 Qc6 33. Qd4
Qf6 34. Qd2 Re8 35. Rd4 b5 36. Rf4 Qe6 37. h4 Rc8 38. Qa5 Rc5 39. Qd2 Rd5 40.
Qa5 Rf5 41. Rxf5 Qxf5 42. Qxa6 Qxf2+ 43. Kh3 Qf1+ 44. Kh2 Qe2+ 45. Kg1 Qd1+ 46.
Kh2 Qd2+ 47. Kg1 Qd4+ 48. Kh2 b4 49. Qc8+ Kh7 50. Qb7 Qc4 51. Kh3 b3 0-1

[Event "Indywidualne Mistrzostwa Polski Juniorow do lat 18 - Chlopcy"]
[Site "Szklarska Poreba"]
[Date "1899-12-30"]
[Round "8.7"]
[White "Golenia, Jan"]
[Black "Godzwon, Iwo"]
[Result "1/2-1/2"]
[WhiteTitle "I++"]
[BlackTitle "FM"]
[WhiteElo "2041"]
[BlackElo "2322"]

1. c4 e5 2. Nc3 Nf6 3. e3 Bb4 4. Nge2 O-O 5. a3 Bxc3 6. Nxc3 d5 7. cxd5 Nxd5 8.
Qc2 Nc6 9. Be2 Nde7 10. b4 Bf5 11. d3 Qd7 12. Bb2 a5 13. b5 Na7 14. Qb3 Be6 15.
Qa4 c6 16. bxc6 Nexc6 17. O-O b5 18. Qh4 f5 19. Rfd1 Bb3 20. Rd2 b4 21. axb4 axb4
22. Na4 Bxa4 23. Rxa4 Nd4 24. Bd1 Ndc6 25. Qc4+ Kh8 26. Ra6 Rac8 27. Qc5 Rfe8
28. Ba4 Re7 29. Rd1 h6 30. Rc1 Qxd3 31. Bxc6 Qxa6 32. Qxe7 Rxc6 33. Qf8+ Kh7 34.
Qxf5+ Kg8 35. Rxc6 1/2-1/2

[Event "Indywidualne Mistrzostwa Polski Juniorow do lat 18 - Chlopcy"]
[Site "Szklarska Poreba"]
[Date "1899-12-30"]
[Round "8.8"]
[White "Szpar, Milosz"]
[Black "Wyczling, Bartosz"]
[Result "1-0"]
[WhiteTitle "FM"]
[BlackTitle "k"]
[WhiteElo "2311"]
[BlackElo "2215"]

1. e4 c5 2. Nf3 Nc6 3. Bb5 g6 4. O-O Nf6 5. Re1 Bg7 6. c3 O-O 7. d4 d5 8. e5 Ne4
9. Nbd2 Qb6 10. Bxc6 bxc6 11. Nxe4 dxe4 12. dxc5 Qxc5 13. Rxe4 Bf5 14. Be3 Qa5
15. Qa4 Qc7 16. Rc4 Rfc8 17. Rc5 Rab8 18. b3 Bd3 19. Re1 e6 20. Qh4 Bf8 21. b4
Rb5 22. Rxb5 cxb5 23. Bd4 Qc4 24. a3 Qb3 25. g4 Qxa3 26. Ng5 h6 27. Nxf7 Kxf7
28. Qf6+ Ke8 29. Qxe6+ Kd8 30. Qd5+ Kc7 31. e6 Bc4 32. Qd7+ 1-0

[Event "Indywidualne Mistrzostwa Polski Juniorow do lat 18 - Chlopcy"]
[Site "Szklarska Poreba"]
[Date "1899-12-30"]
[Round "8.9"]
[White "Kokoszczynski, Jan"]
[Black "Leskiewicz, Ignacy"]
[Result "1-0"]
[WhiteTitle "k"]
[BlackTitle "I++"]
[WhiteElo "2239"]
[BlackElo "2192"]

1. d4 Nf6 2. c4 g6 3. Nf3 Bg7 4. g3 O-O 5. Bg2 d6 6. O-O Nc6 7. Nc3 a6 8. h3 Rb8
9. e4 b5 10. d5 b4 11. Ne2 Na5 12. Qc2 e5 13. Nd2 Nb7 14. a3 a5 15. axb4 axb4
16. Nb3 Nd7 17. Be3 Ndc5 18. Nec1 f5 19. Nd3 f4 20. Bxc5 Nxc5 21. Nbxc5 dxc5 22.
Qe2 Qg5 23. g4 Qh4 24. f3 Qe7 25. Qf2 b3 26. Qxc5 Qxc5+ 27. Nxc5 Rb4 28. Rfc1
h5 29. Bf1 hxg4 30. hxg4 Kh7 31. Ra3 Kh6 32. Rxb3 Rxb3 33. Nxb3 Bf6 34. Nc5 Kg5
35. Nd3 Bd7 36. Ra1 Rh8 37. Ra7 Bxg4 38. fxg4 Kxg4 39. Nf2+ Kf3 40. Ra3# 1-0

[Event "Indywidualne Mistrzostwa Polski Juniorow do lat 18 - Chlopcy"]
[Site "Szklarska Poreba"]
[Date "1899-12-30"]
[Round "8.10"]
[White "Pytel, Maciej"]
[Black "Woloch, Oskar"]
[Result "0-1"]
[WhiteTitle "k"]
[BlackTitle "k"]
[WhiteElo "2165"]
[BlackElo "2032"]

1. e4 d5 2. exd5 Nf6 3. d4 Bg4 4. f3 Bf5 5. c4 e6 6. dxe6 Nc6 7. Be3 Bb4+ 8. Nc3
Qe7 9. Qd2 O-O-O 10. a3 Bc5 11. Nce2 Qxe6 12. Kf2 Ne5 13. Nf4 Qd7 14. dxc5 Qxd2+
15. Bxd2 Rxd2+ 16. Nge2 Rxb2 17. g4 Bd3 18. g5 Nfd7 19. c6 bxc6 20. Nxd3 Nxd3+
21. Kg3 f5 22. Nf4 N3e5 23. h4 Rb3 24. Be2 Nc5 25. Kg2 Rd8 26. Rhd1 Rxd1 27. Bxd1
Rc3 28. Nh5 g6 29. Nf6 Ne6 30. Kg3 f4+ 31. Kg2 Nxc4 32. Nxh7 Ne3+ 33. Kf2 Nf5
34. h5 gxh5 35. g6 Kd8 36. Nf6 h4 37. Ne4 Re3 38. Ba4 Ned4 39. Rd1 Rxf3+ 40. Kg1
Ke7 41. g7 Kf7 42. Ng5+ Kxg7 43. Nxf3 Nxf3+ 44. Kf2 Ne5 45. Rb1 Ng3 46. Kg2 f3+
47. Kf2 Ne4+ 48. Ke3 Nc4+ 49. Kd4 c5+ 50. Kd3 f2 51. Bb5 Ncd2 52. Ra1 c4+ 53.
Ke3 f1=Q 54. Rxf1 Nxf1+ 55. Kxe4 h3 56. Kd4 Nd2 57. Bc6 Kf6 58. Kc3 Nb3 0-1

[Event "Indywidualne Mistrzostwa Polski Juniorow do lat 18 - Chlopcy"]
[Site "Szklarska Poreba"]
[Date "1899-12-30"]
[Round "8.11"]
[White "Garbowski, Jakub"]
[Black "Sernecki, Franciszek"]
[Result "0-1"]
[WhiteTitle "k"]
[BlackTitle "I++"]
[WhiteElo "2151"]
[BlackElo "2334"]

1. e4 e6 2. d4 d5 3. Nd2 Be7 4. Ngf3 Nf6 5. e5 Nfd7 6. Bd3 c5 7. c3 b6 8. O-O Ba6
9. Bxa6 Nxa6 10. Re1 O-O 11. Qe2 Nc7 12. Nf1 c4 13. Ne3 b5 14. b3 a5 15. Bd2 Nb6
16. Reb1 Rb8 17. bxc4 bxc4 18. Bc1 Qd7 19. Qc2 Qa4 20. Ne1 Qxc2 21. N1xc2 Na4
22. Nd1 Nb5 23. Bd2 Rb6 24. Kf1 Rfb8 25. Rc1 Kf8 26. Ke2 Ke8 27. Be1 Bg5 28. Nce3
Na3 29. g3 Bxe3 30. Kxe3 Nb2 31. Nxb2 Rxb2 32. Bd2 Nc2+ 33. Ke2 Nxa1 34. Rxa1
Rb1 35. Rxb1 Rxb1 0-1

[Event "Indywidualne Mistrzostwa Polski Juniorow do lat 18 - Chlopcy"]
[Site "Szklarska Poreba"]
[Date "1899-12-30"]
[Round "8.12"]
[White "Lis, Mateusz"]
[Black "Dzwierzynski, Bartosz"]
[Result "1/2-1/2"]
[WhiteTitle "k"]
[BlackTitle "I"]
[WhiteElo "2156"]
[BlackElo "1942"]

1. e4 c5 2. Nf3 d6 3. d4 cxd4 4. Nxd4 Nf6 5. Nc3 g6 6. Be3 Bg7 7. f3 Nc6 8. Qd2
O-O 9. g4 Be6 10. h4 d5 11. O-O-O Nxd4 12. Bxd4 dxe4 13. g5 Nh5 14. Bxg7 Qxd2+
15. Rxd2 Kxg7 16. Nxe4 Rfd8 17. Rhh2 Nf4 18. b3 Kf8 19. a4 a6 20. c4 b6 21. Kb2
a5 22. c5 bxc5 23. Nxc5 Bd5 24. Bb5 e6 25. Nd7+ Ke7 26. Nb6 Rab8 27. Nxd5+ exd5
28. Rh1 Rbc8 29. Re1+ Kd6 30. Red1 Ke6 31. Re1+ Kd6 32. Red1 1/2-1/2

[Event "Indywidualne Mistrzostwa Polski Juniorow do lat 18 - Chlopcy"]
[Site "Szklarska Poreba"]
[Date "1899-12-30"]
[Round "8.13"]
[White "Majocha, Piotr"]
[Black "Polczyk, Mikolaj"]
[Result "0-1"]
[WhiteTitle "I+"]
[BlackTitle "k"]
[WhiteElo "2028"]
[BlackElo "2131"]

1. Nf3 Nf6 2. c4 g6 3. Nc3 Bg7 4. g3 c6 5. Bg2 d5 6. cxd5 cxd5 7. d4 Ne4 8. Qb3
Nxc3 9. Qxc3 Nc6 10. e3 Bf5 11. O-O Rc8 12. Qa3 O-O 13. b3 Re8 14. Bd2 Qb6 15.
Rac1 e6 16. Rfd1 Bf8 17. Qb2 Nb4 18. Bxb4 Qxb4 19. Rxc8 Rxc8 20. Rc1 Rxc1+ 21.
Qxc1 Qa3 22. Qxa3 Bxa3 23. Bf1 Bb1 24. Be2 Bxa2 25. Bd1 Bb1 26. Ne1 Bb4 27. Bc2
Bxc2 28. Nxc2 Bd6 29. Kf1 Kf8 30. Ke2 Ke7 31. Kd3 Kd7 32. Kc3 a5 33. f3 b5 34.
e4 h5 35. exd5 exd5 36. Ne3 Bb4+ 37. Kc2 Ke6 38. h3 Be1 39. g4 Bf2 40. Kd3 Bxe3
41. Kxe3 hxg4 42. hxg4 Kd6 43. Kd3 Kc6 44. Kc3 b4+ 45. Kb2 g5 46. Ka2 Kb5 47.
Kb2 a4 48. Ka2 axb3+ 49. Kxb3 f6 0-1

[Event "Indywidualne Mistrzostwa Polski Juniorow do lat 18 - Chlopcy"]
[Site "Szklarska Poreba"]
[Date "1899-12-30"]
[Round "8.14"]
[White "Jordan, Adam"]
[Black "Jarzebowski, Kacper"]
[Result "1/2-1/2"]
[WhiteTitle "I"]
[BlackTitle "I++"]
[WhiteElo "1842"]
[BlackElo "2079"]

1. d4 Nf6 2. Nf3 g6 3. c4 Bg7 4. Nc3 O-O 5. e4 d6 6. Be2 Nbd7 7. O-O e5 8. d5 Nc5
9. Qc2 a5 10. b3 Nh5 11. Be3 f5 12. Nd2 Nf4 13. Bxc5 dxc5 14. Bf3 Qg5 15. Kh1
h5 16. Rfe1 h4 17. h3 Bd7 18. Nf1 Rae8 19. Rad1 b6 20. Ne3 Nh5 21. Bxh5 Qxh5 22.
Nf1 Bh6 23. Qe2 Qg5 24. Qd2 Qh5 25. Qe2 Qg5 26. Qd2 Qxd2 27. Nxd2 Bxd2 28. Rxd2
Kg7 29. Kg1 Kf6 30. f3 Rh8 31. a4 Rh5 32. Kf1 Rg5 33. Rf2 Rh5 34. Ra2 Rh7 35.
Rae2 Rhe7 36. d6 cxd6 37. Nd5+ Ke6 38. f4 fxe4 39. Nc7+ Kf5 40. Nxe8 Rxe8 41.
fxe5 Rxe5 42. Rf2+ Kg5 43. Rd2 Re6 44. Ke2 e3 45. Rd5+ Kf6 46. Rf1+ Ke7 47. Rg5
Bc6 48. g3 Be4 49. Rc1 hxg3 50. Rxg3 d5 51. cxd5 Bxd5 52. Rc3 Kd6 53. Rcxe3 Rxe3+
54. Rxe3 c4 55. bxc4 Bxc4+ 56. Kd2 b5 57. axb5 Bxb5 58. Rg3 Be8 59. Kc3 Ke7 60.
Rg5 a4 61. Kb4 Kf6 62. h4 1/2-1/2

[Event "Indywidualne Mistrzostwa Polski Juniorow do lat 18 - Chlopcy"]
[Site "Szklarska Poreba"]
[Date "1899-12-30"]
[Round "8.15"]
[White "Kukula, Karol"]
[Black "Galuszka, Tomasz"]
[Result "0-1"]
[WhiteTitle "I"]
[BlackTitle "I++"]
[WhiteElo "1785"]
[BlackElo "2016"]

1. e4 c5 2. Nf3 e6 3. d4 cxd4 4. Nxd4 Nc6 5. Nc3 Qc7 6. g3 a6 7. Bg2 Nf6 8. O-O
Nxd4 9. Qxd4 Bc5 10. Bf4 d6 11. Qd2 h6 12. Rad1 e5 13. Be3 Bg4 14. Bxc5 dxc5 15.
f3 Be6 16. Nd5 Bxd5 17. exd5 O-O 18. c4 Qd6 19. f4 exf4 20. Qxf4 Qxf4 21. Rxf4
Rad8 22. Kf2 Ne8 23. a4 Nd6 24. b3 Rfe8 25. Re1 Kf8 26. Rf3 Rxe1 27. Kxe1 Re8+
28. Kd1 a5 29. Rd3 Re5 30. Kd2 Ke7 31. Rf3 f5 32. h3 b6 33. Rf1 Kf6 34. Kd3 Kg5
35. Bf3 g6 36. h4+ Kf6 37. Bg2 Ke7 38. Bf3 Ne8 39. Rf2 Nf6 40. Rf1 Kd6 41. Rf2
Re1 42. Kd2 Ra1 43. Kd3 Nd7 44. Ke3 Rb1 45. h5 g5 46. Be2 Rxb3+ 47. Kd2 Ke5 48.
Bd3 Kd4 49. Bxf5 Ne5 50. Kc1 Nxc4 51. g4 Kxd5 52. Bh7 Kd4 53. Bg8 Ne5 54. Rf6
Nd3+ 55. Kd1 Rb1+ 56. Kd2 Rb2+ 0-1

[Event "Indywidualne Mistrzostwa Polski Juniorow do lat 18 - Chlopcy"]
[Site "Szklarska Poreba"]
[Date "1899-12-30"]
[Round "8.16"]
[White "Kawalko, Adam"]
[Black "Hrymowicz, Artur"]
[Result "1/2-1/2"]
[WhiteTitle "I+"]
[BlackTitle "I++"]
[WhiteElo "1876"]
[BlackElo "1991"]

1. e4 c5 2. Nf3 e6 3. d4 cxd4 4. Nxd4 Nf6 5. Nc3 d6 6. Be3 a6 7. f4 Be7 8. Qf3
Qc7 9. Bd3 O-O 10. g4 b5 11. g5 Nfd7 12. O-O-O Bb7 13. h4 Nc6 14. h5 Nxd4 15.
Bxd4 b4 16. Ne2 e5 17. Be3 exf4 18. Bxf4 Ne5 19. Qh3 Rac8 20. Nd4 d5 21. Qf5 Nxd3+
22. Rxd3 Qc4 23. e5 Qxa2 24. Kd2 b3 25. Rxb3 Rc4 26. Rxb7 Rxd4+ 27. Ke3 Bc5 28.
Kf3 Qc4 29. Re1 Re4 30. Rxe4 Qf1+ 31. Kg4 Qd1+ 32. Kg3 Qg1+ 33. Kh3 Qf1+ 34. Kg4
Qg2+ 35. Bg3 dxe4 36. h6 Qe2+ 37. Kh4 g6 38. Qg4 Qg2 39. e6 Qh1+ 40. Qh3 Qf3 41.
Qg4 Qh1+ 42. Qh3 Qd1 43. Qg4 1/2-1/2

[Event "Indywidualne Mistrzostwa Polski Juniorow do lat 18 - Chlopcy"]
[Site "Szklarska Poreba"]
[Date "1899-12-30"]
[Round "8.17"]
[White "Iwanczuk, Krzysztof"]
[Black "Ochowicz, Jakub"]
[Result "0-1"]
[WhiteTitle "I"]
[BlackTitle "I++"]
[WhiteElo "1749"]
[BlackElo "1988"]

1. b3 Nf6 2. Bb2 d6 3. e3 Nbd7 4. Nf3 g6 5. Be2 Bg7 6. O-O O-O 7. c4 e5 8. d4 e4
9. Nfd2 Qe7 10. Nc3 Re8 11. b4 Nf8 12. a4 h5 13. b5 Bf5 14. Nb3 Ng4 15. Nd5 Qd8
16. a5 Ne6 17. f3 exf3 18. gxf3 Nh6 19. e4 Bh3 20. Rf2 c6 21. Nb4 Nf4 22. Bf1
cxb5 23. cxb5 Bxf1 24. Qxf1 Qh4 25. Kh1 d5 26. Nc5 dxe4 27. fxe4 Ng4 28. Rc2 Nh3
29. Nd5 Nhf2+ 30. Rxf2 Nxf2+ 31. Kg1 Nxe4 32. Nxe4 Rxe4 33. Nc7 Rd8 34. b6 axb6
35. axb6 Qg4+ 36. Kh1 Re2 37. Bc3 Qe4+ 38. Kg1 Qe3+ 0-1

[Event "Indywidualne Mistrzostwa Polski Juniorow do lat 18 - Chlopcy"]
[Site "Szklarska Poreba"]
[Date "1899-12-30"]
[Round "8.18"]
[White "Marczak, Szymon"]
[Black "Wierzbicki, Michal"]
[Result "1/2-1/2"]
[WhiteTitle "I++"]
[BlackTitle "I+"]
[WhiteElo "1931"]
[BlackElo "1919"]

1. d4 Nf6 2. Nf3 e6 3. e3 b6 4. Bd3 Bb7 5. O-O Be7 6. c4 O-O 7. Nc3 d5 8. b3 Ne4
9. Qc2 Nxc3 10. Qxc3 dxc4 11. bxc4 Bxf3 12. gxf3 Nd7 13. Qc2 g6 14. Bb2 c5 15.
Be4 Rc8 16. d5 e5 17. d6 Bxd6 18. Rad1 Bb8 19. Kh1 Qe7 20. Rd3 Nf6 21. Rfd1 Rfd8
22. Qd2 Bc7 23. Kg2 Nxe4 24. fxe4 Qg5+ 25. Kf1 Rxd3 26. Qxd3 Rd8 27. Qc2 h5 28.
Rd5 Rxd5 29. exd5 Qf5 30. Qxf5 gxf5 31. Kg2 Kh7 32. Bc1 e4 33. h3 Be5 34. Bd2
Kg7 35. a4 Kf8 36. f4 Bf6 37. Kf2 Ke7 38. Ke2 Kd6 39. a5 Bd8 40. axb6 axb6 41.
Bc3 f6 42. Kd2 b5 43. cxb5 Kxd5 44. Kc2 Kc4 45. b6 Bxb6 46. Be1 Bc7 47. Bg3 Ba5
48. Bf2 Bc3 49. Bg3 Ba5 1/2-1/2